000 00411nam a2200109Ia 4500
008 160909s9999 xx 000 0 und d
100 _aClayton, Kirk Marshall.
245 _aInternational policy experience: Short term international travel courses in structure degree programs
260 _bPepperdine University
_c2016
650 _aEDUC/SPED
856 _uhttp://pqdtopen.proquest.com/doc/1807413517.html?FMT=ABS
999 _c305067
_d305067